Caja de herramientas: prácticas culturales para el nuevo siglo chileno

Zapisane w:
Opis bibliograficzny
1. autor: Ortega, Julio (autor)
Format: Książka
Język:hiszpański
Wydane: Santiago LOM 2000
Hasła przedmiotowe:
Etykiety: Dodaj etykietę
Nie ma etykietki, Dołącz pierwszą etykiete!

MARC

LEADER 00000nam a2200000 a 4500
001 UCL4574
003 CL-VaPUC
008 040116e20000000CL |||||||||||||||||spa|d
020 |a 9562822796 
082 0 4 |a 306.4  |b ORT  |2 21 
100 |a Ortega, Julio  |e autor  |9 596579 
245 1 0 |a Caja de herramientas: prácticas culturales para el nuevo siglo chileno 
300 |a 202 p 
942 |c BK 
945 |d 20040116 00:00:00  |a cmena 
260 |a Santiago  |b LOM  |c 2000 
650 0 |a Identidad cultural  |9 319131 
650 0 |a Creación artística   |9 266215 
650 0 |a Artistas chilenos  |9 344566 
650 0 |a Antropología cultural y social   |9 265143 
583 |a last modification  |c 20040116 00:00:00  |k Rodrigo Vera 
999 |c 307396  |d 307394 
952 |0 0  |1 0  |4 0  |6 306_400000000000000_ORT_2000  |7 0  |8 A  |9 373330  |a BIBART  |b BIBART  |d 2019-11-21  |i 3978052  |l 1  |o 306.4 ORT 2000  |p 3978052  |r 2025-03-13  |s 2023-10-18  |w 2019-11-21  |y BK  |k ART